LEADER 00893nam0-22003371i-450- 001 990000496830403321 005 20070213103453.0 010 $a0-8273-2235-6 035 $a000049683 035 $aFED01000049683 035 $a(Aleph)000049683FED01 035 $a000049683 100 $a20020821d1986----km-y0itay50------ba 101 0 $aeng 102 $aUS 105 $aa-------001yy 200 1 $aDirect current fundamentals$fOrla E. Loper, Edgar Tedsen 205 $a3rd ed. 210 $aNew York$cDelamr$d1986 215 $aXIV, 480 p.$cill.$d23 cm 610 0 $aIngegneria elettrica 610 0 $aCorrente continua - trasmissione 676 $a621.31912 700 1$aLoper,$bOrla E. 701 1$aTedsen,$bEdgar 801 0$aIT$bUNINA$gRICA$2UNIMARC 901 $aBK 912 $a990000496830403321 952 $a10 C I 341$b619 DEE$fDINEL 959 $aDINEL 997 $aUNINA LEADER 00844cam0 2200241 450 001 E600200043710 005 20230731070227.0 100 $a20090114d1994 |||||ita|0103 ba 101 $aita 102 $aIT 200 1 $a<>forbice e il ventaglio$edescrivere, interpretare, operare da un punto di vista linguistico. Lezioni di glottologia$fDomenico Silvestri 210 $aNapoli$cArte tipografica$d1994 215 $a298 p.$d24 cm 700 1$aSilvestri$b, Domenico$3AF00013608$4070$0172369 801 0$aIT$bUNISOB$c20230731$gRICA 850 $aUNISOB 852 $aUNISOB$j400$m85995 912 $aE600200043710 940 $aM 102 Monografia moderna SBN 941 $aM 957 $a400$b000414$gCON$d85995$1massimo$2UNISOB$3UNISOB$420090114150105.0$520150330155954.0$6Alfano 996 $aForbice e il ventaglio$9746770 997 $aUNISOB